[Event "RE-2023-0-00231"]
[Site "LSS email"]
[Date "2023.02.16"]
[Round "?"]
[White "Glowinski, Daniel"]
[Black "Raines, David"]
[Result "1-0"]
[WhiteElo "1384"]
[BlackElo "1234"]
[PlyCount "33"]
[EventDate "2021.02.03"]
[EventType "tourn (corr)"]
[EventRounds "6"]
[EventCountry "GER"]
[SourceTitle "Corr 2024"]
[Source "ChessBase"]
[SourceDate "2023.10.19"]
[SourceVersion "1"]
[SourceVersionDate "2023.10.19"]
[SourceQuality "1"]

1. e4 e5 2. Nf3 Nf6 3. Nxe5 d6 4. Nf3 Nxe4 5. d4 Be7 6. Bd3 d5 7. 0-0 Bf5 8. Nc3 0-0 9. Re1 Nxc3 10. bxc3 Bxd3 11. Qxd3 Nc6 12. Rb1 Rb8 13. c4 Bf6 14. cxd5 Qxd5 15. c4 Qd6 16. Ba3 Qf4 17. Re4 1-0

[Event "OP-2022-0-05353"]
[Site "LSS email"]
[Date "2022.11.10"]
[Round "?"]
[White "Aysenov, Murat"]
[Black "Glowinski, Daniel"]
[Result "1-0"]
[WhiteElo "1726"]
[BlackElo "1399"]
[PlyCount "89"]
[EventDate "2022.11.09"]
[EventType "tourn (corr)"]
[EventRounds "4"]
[EventCountry "GER"]
[SourceTitle "Corr 2024"]
[Source "ChessBase"]
[SourceDate "2023.10.19"]
[SourceVersion "1"]
[SourceVersionDate "2023.10.19"]
[SourceQuality "1"]

1. Nf3 Nf6 2. c4 e6 3. g3 d5 4. Bg2 Be7 5. 0-0 0-0 6. d4 Nc6 7. b3 Ne4 8. e3 b6 9. Bb2 Qd7 10. Nbd2 f5 11. a3 Bb7 12. Rc1 a5 13. Qc2 Ra7 14. Rfd1 Qe8 15. Ne1 Bd6 16. Nd3 Qf7 17. Nf3 a4 18. b4 dxc4 19. Qxc4 Nd8 20. Nfe5 Qe8 21. Qc2 Nf7 22. Qe2 Qb5 23. Nxf7 Rxf7 24. f3 Nf6 25. e4 Bf8 26. d5 exd5 27. e5 Ne8 28. e6 Re7 29. Qe5 Nd6 30. Bd4 Nc4 31. Qxf5 Nxa3 32. Bf1 Qe8 33. Nf4 Nb5 34. Bd3 g6 35. Bxb5 gxf5 36. Bxe8 Rxe8 37. Rxc7 Re7 38. Rdc1 a3 39. Bf6 Rxc7 40. Rxc7 a2 41. Nh5 Bc8 42. Rxa7 Bxe6 43. Bc3 Bd6 44. Bg7 Be7 45. Rxe7 1-0

[Event "OP-2022-0-05353"]
[Site "LSS email"]
[Date "2022.11.10"]
[Round "?"]
[White "MacDonald, Murdo"]
[Black "Glowinski, Daniel"]
[Result "0-1"]
[WhiteElo "625"]
[BlackElo "1399"]
[PlyCount "42"]
[EventDate "2022.11.09"]
[EventType "tourn (corr)"]
[EventRounds "4"]
[EventCountry "GER"]
[SourceTitle "Corr 2024"]
[Source "ChessBase"]
[SourceDate "2023.10.19"]
[SourceVersion "1"]
[SourceVersionDate "2023.10.19"]
[SourceQuality "1"]

1. e4 c5 2. Nf3 d6 3. d4 cxd4 4. Nxd4 Nf6 5. Nc3 a6 6. Bc4 Bd7 7. Bf4 e5 8. Bg5 exd4 9. Qxd4 Nc6 10. Qd2 Be7 11. 0-0-0 Be6 12. Nd5 Nxe4 13. Qe3 Nxg5 14. f4 Bxd5 15. fxg5 Bxc4 16. b3 Be6 17. h4 Qa5 18. Rhe1 Qa3+ 19. Kb1 Nb4 20. Qb6 Qxa2+ 21. Kc1 Qxc2# 0-1

[Event "LSS No Engine Cup 228 Preliminary 0"]
[Site "LSS email"]
[Date "2022.07.09"]
[Round "?"]
[White "Wernitz, Helmut"]
[Black "Glowinski, Daniel"]
[Result "1/2-1/2"]
[WhiteElo "1591"]
[BlackElo "1952"]
[PlyCount "80"]
[EventDate "2022.07.09"]
[EventType "tourn (corr)"]
[EventRounds "6"]
[EventCountry "GER"]
[SourceTitle "Corr 2024"]
[Source "ChessBase"]
[SourceDate "2023.10.19"]
[SourceVersion "1"]
[SourceVersionDate "2023.10.19"]
[SourceQuality "1"]

1. e4 c5 2. Nc3 Nc6 3. f4 e6 4. Nf3 Nf6 5. e5 Nd5 6. Nxd5 exd5 7. d4 d6 8. c3 cxd4 9. cxd4 dxe5 10. fxe5 Bb4+ 11. Bd2 Qb6 12. a3 Bxd2+ 13. Qxd2 0-0 14. Bd3 Bg4 15. Ng5 Nxd4 16. Nxh7 Kh8 17. Nf6 Rae8 18. Nxg4 f5 19. h3 Nb3 20. Qg5 Kg8 21. Bxf5 Rxe5+ 22. Nxe5 Rxf5 23. Qg3 Qa5+ 24. Qc3 Qxc3+ 25. bxc3 Nxa1 26. Kd2 Nb3+ 27. Kc2 Rxe5 28. Kxb3 Kf7 29. Rf1+ Ke7 30. Rf2 g5 31. Rd2 Ke6 32. Kb4 Re4+ 33. Rd4 Ke5 34. g3 Rxd4+ 35. cxd4+ Kxd4 36. h4 g4 37. h5 Ke5 38. h6 Kf6 39. Kc5 Kg6 40. Kxd5 Kxh6 1/2-1/2

[Event "RD-2022-0-00170"]
[Site "LSS email"]
[Date "2022.06.15"]
[Round "?"]
[White "Glowinski, Daniel"]
[Black "Kaupat, Thomas"]
[Result "1-0"]
[WhiteElo "1393"]
[BlackElo "1538"]
[PlyCount "101"]
[EventDate "2021.09.18"]
[EventType "tourn (corr)"]
[EventRounds "6"]
[EventCountry "GER"]
[SourceTitle "Corr 2024"]
[Source "ChessBase"]
[SourceDate "2023.10.19"]
[SourceVersion "1"]
[SourceVersionDate "2023.10.19"]
[SourceQuality "1"]

1. e4 e6 2. d4 d5 3. Nc3 Bb4 4. e5 c5 5. Nf3 cxd4 6. Qxd4 Nc6 7. Bb5 Bxc3+ 8. Qxc3 Bd7 9. Bd3 Nge7 10. 0-0 Rc8 11. Bg5 0-0 12. Qa3 f6 13. exf6 gxf6 14. Bh6 Rf7 15. c4 Qa5 16. Qxa5 Nxa5 17. cxd5 Nxd5 18. Rac1 Nc6 19. Be4 f5 20. Bxd5 exd5 21. Rfd1 Be6 22. g3 d4 23. Nxd4 Nxd4 24. Rxc8+ Bxc8 25. Rxd4 Rd7 26. Rb4 Rd1+ 27. Kg2 Bd7 28. Be3 Bc6+ 29. f3 Rd3 30. Kf2 a5 31. Rf4 Bd7 32. Rc4 Rd6 33. Rc2 Be6 34. Bf4 Rc6 35. Rd2 Bxa2 36. b4 Bc4 37. bxa5 b6 38. axb6 Rxb6 39. Rd8+ Kf7 40. Rd7+ Kg6 41. Be5 Re6 42. f4 h6 43. h3 h5 44. Rg7+ Kh6 45. Rf7 Bd3 46. Ke3 Bf1 47. Rxf5 Bxh3 48. Rf8 Bg4 49. Ke4 Rc6 50. f5 Kg5 51. Bf4# 1-0

[Event "RE-2022-0-00229"]
[Site "LSS email"]
[Date "2022.05.08"]
[Round "?"]
[White "Glowinski, Daniel"]
[Black "Prokopets, Vasilij"]
[Result "0-1"]
[WhiteElo "1358"]
[BlackElo "1336"]
[PlyCount "34"]
[EventDate "2020.11.28"]
[EventType "tourn (corr)"]
[EventRounds "6"]
[EventCountry "GER"]
[SourceTitle "Corr 2024"]
[Source "ChessBase"]
[SourceDate "2023.10.19"]
[SourceVersion "1"]
[SourceVersionDate "2023.10.19"]
[SourceQuality "1"]

1. e4 e5 2. Nf3 Nc6 3. Bb5 Bc5 4. 0-0 Nge7 5. d3 d6 6. Nc3 0-0 7. Bg5 f6 8. Bc4+ Kh8 9. h3 fxg5 10. Na4 Ng6 11. Nxc5 dxc5 12. Nd2 Nf4 13. Nb3 g4 14. hxg4 Qh4 15. Qd2 Qxg4 16. f3 Qg3 17. Nc1 Rf6 0-1

[Event "SE-2022-0-00334"]
[Site "LSS email"]
[Date "2022.04.21"]
[Round "?"]
[White "Obrien, Glenn"]
[Black "Glowinski, Daniel"]
[Result "0-1"]
[WhiteElo "1302"]
[BlackElo "1358"]
[PlyCount "48"]
[EventDate "2021.09.15"]
[EventType "tourn (corr)"]
[EventRounds "6"]
[EventCountry "GER"]
[SourceTitle "Corr 2024"]
[Source "ChessBase"]
[SourceDate "2023.10.19"]
[SourceVersion "1"]
[SourceVersionDate "2023.10.19"]
[SourceQuality "1"]

1. e4 c5 2. Nf3 d6 3. d4 cxd4 4. Nxd4 Nf6 5. Nc3 a6 6. Bg5 Qb6 7. Bxf6 gxf6 8. Nd5 Qd8 9. Qf3 Nc6 10. Qc3 Bd7 11. Nf5 Be6 12. 0-0-0 Rc8 13. f4 Qa5 14. Qb3 Qc5 15. Qxb7 Bxf5 16. exf5 Na5 17. Nxf6+ exf6 18. Qe4+ Kd7 19. Bxa6 Re8 20. Qd5 Qxd5 21. Rxd5 Nc6 22. Rhd1 Ra8 23. Bc4 Ra4 24. Rc5 Kc7 0-1

[Event "RE-2022-0-00229"]
[Site "LSS email"]
[Date "2022.04.04"]
[Round "?"]
[White "Turin, Jan"]
[Black "Glowinski, Daniel"]
[Result "0-1"]
[WhiteElo "1373"]
[BlackElo "1358"]
[PlyCount "52"]
[EventDate "2020.11.28"]
[EventType "tourn (corr)"]
[EventRounds "6"]
[EventCountry "GER"]
[SourceTitle "Corr 2024"]
[Source "ChessBase"]
[SourceDate "2023.10.19"]
[SourceVersion "1"]
[SourceVersionDate "2023.10.19"]
[SourceQuality "1"]

1. e4 c5 2. Nf3 d6 3. c3 Nf6 4. Be2 e5 5. 0-0 Be7 6. Re1 0-0 7. Bf1 Nc6 8. h3 Be6 9. d4 exd4 10. cxd4 cxd4 11. Nxd4 Nxd4 12. Qxd4 d5 13. exd5 Nxd5 14. a3 Bf6 15. Qa4 Re8 16. Nd2 Bd7 17. Qd1 Rxe1 18. Qxe1 Bc6 19. Ne4 Bd4 20. Rb1 Qe7 21. Bd2 Re8 22. Bd3 Qc7 23. Qc1 Qe5 24. Qc2 g6 25. Re1 Nf4 26. Ng3 Bxf2+ 0-1